[Event "Tourn. n8904"]
[Site "www.chess-mail.com"]
[Date "2016.08.31"]
[Round "1"]
[White "Ffdd65"]
[Black "Madz123456"]
[WhiteElo "2230"]
[BlackElo "2020"]
[Result "1-0"]
[Round "1"]
1.e4 c5
2.Bf1c4 e6
3.c3 d5
4.Bc4d3 Nb8c6
5.Bd3c2 Ng8f6
6.Qd1e2 Nf6xe4
7.Bc2xe4 dxe4
8.Qe2xe4 Qd8f6
9.Ng1f3 e5
10.d3 Bc8f5
11.Qe4e2 Qf6d6
12.Nf3g1 Bf8e7
13.Qe2d2 Bf5xd3
14.Ng1e2 Qd6g6
15.O-O Ra8d8
16.Qd2e1 Bd3xb1
17.Bc1d2  { time }
1-0

[Event "Match"]
[Site "www.echecsemail.com"]
[Date "2016.08.31"]
[Round "1"]
[White "Mrmoto"]
[Black "Janerol"]
[WhiteElo "1630"]
[BlackElo "1529"]
[Result "1-0"]
[Round "1"]
1.e4 e5
2.Ng1f3 d6
3.d4 Bc8g4
4.h3 Bg4xf3
5.Qd1xf3 Ng8f6
6.Bc1g5 Qd8d7
7.Nb1c3 exd4
8.Nc3d5 c6
9.Nd5xf6 gxf6
10.Bg5xf6 Rh8g8
11.O-O-O Bf8g7
12.Bf1c4 b5
13.Bc4d3 Bg7xf6
14.Rh1e1 d5
15.exd5 Kf8
16.Qf3xf6 cxd5
17.Qf6h6 Rg8g7
18.Bd3xh7 f6
19.Qh6xf6 Rg7f7
20.Qf6h8 
1-0

[Event "Match"]
[Site "www.echecsemail.com"]
[Date "2016.08.31"]
[Round "1"]
[White "Bojan"]
[Black "Mitja"]
[WhiteElo "1780"]
[BlackElo "1920"]
[Result "1-0"]
[Round "1"]
1.e4 e5
2.Bf1c4 d6
3.c3 a6
4.Qd1b3 Ng8h6
5.d4 f6
6.Bc1xh6 gxh6
7.Bc4f7 Ke7
8.Bf7h5 Kd7
9.dxe5 fxe5
10.Nb1d2 Nb8c6
11.Ng1f3 Qd8e7
12.O-O-O b5
13.Bh5f7 Bc8b7
14.a4 Nc6a5
15.Qb3a2 bxa4
16.Qa2xa4 Na5c6
17.Bf7d5 Bf8g7
18.Nd2c4 Ra8b8
19.Nc4a5 Qe7f6
20.Na5xc6 Bb7xc6
21.Bd5xc6 Ke7
22.Qa4xa6 Rb8b6
23.Qa6a4 Qf6f4
24.Rd1d2 h5
25.Kc2 Rh8b8
26.b4 Bg7h6
27.Rh1d1 Qf4f7
28.Bc6d5 Qf7g6
29.g3 Bh6xd2
30.Rd1xd2 Qg6g4
31.Nf3h4 Qg4d7
32.Nh4f5 Kd8
33.Qa4b3 Rb6b5
34.Qb3c4 Rb5b6
35.Rd2d3 Qd7a4
36.Kd2 c6
37.Bd5g8 c5
38.Qc4xc5 Qa4a6
39.Nf5xd6 Rb6c6
40.Nd6f5 Kc7
41.Qc5e7 Kb6
42.Bg8d5 Rb8b7
43.Qe7d8 Ka7
44.Nf5e7 { resign }
1-0

[Event "Match"]
[Site "www.echecsemail.com"]
[Date "2016.08.31"]
[Round "1"]
[White "4m6az"]
[Black "Biggles"]
[WhiteElo "1809"]
[BlackElo "2110"]
[Result "0-1"]
[Round "1"]
1.f4 d5
2.d4 Ng8f6
3.c4 e6
4.a3 c5
5.Ng1f3 Nb8c6
6.e3 Bc8d7
7.Nf3e5 cxd4
8.exd4 Nc6xe5
9.dxe5 Nf6e4
10.cxd5 Qd8b6
11.Qd1e2 exd5
12.Nb1c3 Bf8c5
13.Nc3xd5 Bc5f2
14.Kd1 Bd7a4
15.Qe2c2 Qb6d4
16.Ke2 Ba4xc2
17.Nd5c7 Kd7
18.Kf3 Kxc7
19.f5 g5
20.fxg6 fxg6
21.Bf1b5 Ne4d2
22.Bc1xd2 Qd4xd2
{ resign }
0-1

[Event "Match"]
[Site "www.echecsemail.com"]
[Date "2016.08.31"]
[Round "1"]
[White "Pariolinius"]
[Black "Janerol"]
[WhiteElo "1790"]
[BlackElo "999"]
[Result "1-0"]
[Round "1"]
1.e4 e5
2.Ng1f3 d6
3.Bf1c4 Ng8f6
4.Nb1c3 Bc8g4
5.d3 Bg4xf3
6.Qd1xf3 Qd8d7
7.Bc1g5 h6
8.Bg5xf6 gxf6
9.Qf3xf6 Rh8h7
10.O-O Rh7g7
11.Qf6f3 b5
12.Bc4xb5 c6
13.Bb5a4 Nb8a6
14.Ba4b3 Na6b4
15.a3 Nb4a6
16.Ra1d1 Ra8b8
17.Qf3h5 Rg7g5
18.Qh5f3 d5
19.exd5 Rg5f5
20.Qf3e4 Na6c5
21.Qe4c4 cxd5
22.Nc3xd5 Nc5b7
23.Rf1e1 Nb7d6
24.Qc4c3 Rb8c8
25.Re1xe5 Rf5xe5
26.Qc3xe5 Bf8e7
27.Qe5h8 Be7f8
28.Nd5f6 Ke7
29.Nf6xd7 Kxd7
30.Rd1e1 Bf8e7
31.Qh8xh6 Rc8c6
32.Qh6e3 Nd6f5
33.Qe3xa7 Rc6c7
34.Bb3a4 Kc8
35.Qa7a8 
1-0

[Event "Match"]
[Site "www.echecsemail.com"]
[Date "2016.08.31"]
[Round "1"]
[White "Johndyson"]
[Black "Nimzo"]
[WhiteElo "2590"]
[BlackElo "2790"]
[Result "0-1"]
[Round "1"]
1.d4 d5
2.c4 e6
3.Ng1f3 Ng8f6
4.g3 Bf8e7
5.Bf1g2 O-O
6.O-O dxc4
7.Qd1c2 a6
8.a4 Bc8d7
9.Qc2xc4 Bd7c6
10.Bc1f4 Be7d6
11.Qc4c1 a5
12.Nb1c3 Bc6xf3
13.Bg2xf3 Bd6xf4
14.Qc1xf4 c6
15.Ra1d1 Qd8b6
16.Rd1d2 Nb8d7
17.e4 Ra8e8
18.Bf3e2 e5
19.Qf4e3 Re8e7
20.Rf1d1 Rf8e8
21.f3 exd4
22.Qe3xd4 Nd7c5
23.Qd4f2 Re7d7
 { time }
0-1

[Event "Match"]
[Site "www.echecsemail.com"]
[Date "2016.08.31"]
[Round "1"]
[White "Willyp"]
[Black "Paco"]
[WhiteElo "1889"]
[BlackElo "1910"]
[Result "1-0"]
[Round "1"]
1.e4 e5
2.Ng1f3 Nb8c6
3.Bf1b5 Bf8c5
4.O-O Ng8f6
5.d3 d6
6.Bc1g5 a6
7.Bb5a4 h6
8.Bg5e3 Bc5xe3
9.Ba4xc6 bxc6
10.fxe3 Bc8g4
11.h3 Bg4xf3
12.Qd1xf3 Ra8b8
13.b3 O-O
14.a4 d5
15.Nb1c3 d4
16.Nc3e2 dxe3
17.Qf3xe3 Qd8d6
18.Ne2g3 c5
19.Ng3f5 Qd6b6
20.a5 Qb6a7
21.Nf5xh6 Kh7
22.Rf1xf6 gxf6
23.Nh6f5 c4
24.Qe3xa7 cxd3
25.Qa7e3 { resign }
1-0

[Event "Match"]
[Site "www.echecsemail.com"]
[Date "2016.08.31"]
[Round "1"]
[White "Janerol"]
[Black "Iko"]
[WhiteElo "999"]
[BlackElo "1620"]
[Result "0-1"]
[Round "1"]
1.e4 e5
2.Ng1f3 Nb8c6
3.Bf1b5 Qd8f6
4.Bb5xc6 bxc6
5.d3 Bf8d6
6.Bc1g5 Qf6g6
7.Qd1d2 Ra8b8
8.Qd2a5 Bd6b4
9.Qa5xb4 Rb8xb4
10.b3 f6
11.a3 Rb4b5
12.Bg5h4 Qg6xg2
13.Rh1f1 Qg2xf3
14.a4 Rb5c5
15.Nb1d2 Qf3f4
16.Bh4g3 Qf4g5
17.Ra1c1 Bc8a6
18.b4 Ba6xd3
19.bxc5 Bd3xf1
20.Kxf1 Qg5xd2
21.Rc1e1 Qd2xc2
22.f4 Qc2xc5
23.Bg3f2 Qc5a5
24.fxe5 fxe5
25.Re1b1 Qa5xa4
26.Rb1b8 Kf7
27.Rb8b7 Qa4xe4
28.Rb7xc7 Qe4h1
29.Bf2g1 Ng8e7
30.Rc7xd7 Rh8b8
31.Rd7xa7 Rb8b2
32.Ra7a1 Qh1g2
33.Ke1 Qg2e2

0-1

[Event "1/64 Finale"]
[Site "www.chess-mail.com"]
[Date "2016.08.31"]
[Round "1"]
[White "Sandokam"]
[Black "Odin"]
[WhiteElo "2180"]
[BlackElo "1950"]
[Result "1-0"]
[Round "1"]
1.e4 e5
2.Ng1f3 d6
3.Bf1c4 h6
4.d4 Ng8f6
5.dxe5 Nf6xe4
6.Bc4xf7 Kxf7
7.Qd1d5 Bc8e6
8.Qd5xe4 Kg8
9.O-O c6
10.Bc1f4 d5
11.Qe4g6 Be6f7
12.Qg6g4 h5
13.Qg4f5 g6
14.Qf5h3 Nb8d7
15.Rf1e1 Nd7c5
16.Nf3g5 Bf8h6
17.Ng5xf7 Kxf7
18.Bf4xh6 Rh8xh6
19.Qh3e3 Qd8f8
20.e6 Nc5xe6
21.Qe3xe6 Kg7
22.Qe6d7 Kh8
23.Re1e7 Ra8d8
24.Qd7xb7 Rd8b8
25.Qb7xa7 Rb8a8
26.Qa7c7 Ra8c8
27.Qc7e5 Kg8
28.Qe5e6 Kh8
29.Re7f7 Qf8g8
30.Qe6f6 { resign }
1-0

[Event "Tourn. n8892"]
[Site "www.chess-mail.com"]
[Date "2016.09.01"]
[Round "1"]
[White "Fabos12"]
[Black "Osopanda"]
[WhiteElo "1960"]
[BlackElo "1960"]
[Result "1-0"]
[Round "1"]
1.d4 d5
2.Ng1f3 e6
3.Bc1f4 Bf8d6
4.Qd1d2 Ng8f6
5.Bf4g5 h6
6.Bg5h4 O-O
7.Nf3e5 Nb8c6
8.Bh4g3 Nf6e4
9.Qd2e3 Ne4xg3
10.hxg3 Rf8e8
11.Nb1c3 Qd8f6
12.f4 Bd6xe5
13.fxe5 Qf6g6
14.O-O-O a6
15.a3 Bc8d7
16.Qe3f4 Re8f8
17.e4 dxe4
18.Nc3xe4 Ra8d8
19.Rh1h4 Nc6e7
20.Ne4f6 gxf6
21.Rh4g4 fxe5
22.Rg4xg6 fxg6
23.Qf4xh6 Bd7e8
24.Bf1c4 Ne7d5
25.Rd1h1 Rf8f5
26.Qh6h8 { resign }
1-0

[Event "Tourn. n8928"]
[Site "www.chess-mail.com"]
[Date "2016.09.01"]
[Round "1"]
[White "Al3x"]
[Black "Nulladies"]
[WhiteElo "1769"]
[BlackElo "1780"]
[Result "1-0"]
[Round "1"]
1.e4 b6
2.d4 Bc8b7
3.Bf1d3 Ng8f6
4.Qd1e2 e6
5.c4 Nb8c6
6.Ng1f3 Bf8b4
7.Bc1d2 O-O
8.O-O Nf6g4
9.h3 Ng4f6
10.e5 Nf6e8
11.Bd3xh7 Kxh7
12.Nf3g5 Kg8
13.Qe2h5 Qd8xg5
14.Qh5xg5 a5
15.a3 Bb4e7
16.Qg5g4 f6
17.Bd2c3 Nc6d8
18.Nb1d2 f5
19.Qg4g6 d6
20.f4 Nd8f7
21.Qg6xe6 Be7d8
22.Nd2f3 Bb7xf3
23.Rf1xf3 c5
24.Rf3g3 Ne8c7
25.Qe6g6 Nf7h6
26.Qg6xg7 
1-0

[Event "Tourn. n8933"]
[Site "www.chess-mail.com"]
[Date "2016.09.01"]
[Round "1"]
[White "Papaours"]
[Black "Yvis92"]
[WhiteElo "1999"]
[BlackElo "1799"]
[Result "0-1"]
[Round "1"]
1.e4 d5
2.exd5 Ng8f6
3.d4 c5
4.dxc6 Nb8xc6
5.Ng1f3 e5
6.dxe5 Qd8xd1
7.Kxd1 Nf6g4
8.Bc1e3 Ng4xe3
9.fxe3 Bf8c5
10.Nb1c3 O-O
11.Nc3d5 Bc8g4
12.Bf1b5 Ra8d8
13.e4 Nc6xe5
14.Ke2 f5
15.Bb5d3 Rd8e8
16.Rh1f1 fxe4
17.Bd3xe4 Ne5xf3
18.gxf3 Re8xe4
{ resign }
0-1

[Event "Tourn. n8868"]
[Site "www.chess-mail.com"]
[Date "2016.09.01"]
[Round "1"]
[White "Redabond"]
[Black "Azulmarino"]
[WhiteElo "1620"]
[BlackElo "1600"]
[Result "0-1"]
[Round "1"]
1.d4 d5
2.Bc1f4 Ng8f6
3.Nb1c3 Nb8c6
4.Nc3b5 e5
5.dxe5 Nf6e4
6.e6 Bc8xe6
7.Nb5xc7 Ke7
8.Nc7xa8 Qd8xa8
9.f3 Ne4f6
10.Qd1d3 Ke8
11.Qd3b5 Be6d7
12.O-O-O Nc6e5
13.Qb5b3 Qa8b8
14.Bf4xe5 Qb8xe5
15.Qb3xb7 Bf8c5
16.a3 Ke7
17.Rd1d3 Rh8b8
18.Qb7a6 Qe5xb2
19.Kd1 Qb2b1
20.Kd2 Bc5f2
21.Rd3b3 Qb1e1
22.Kd3 Bd7f5
{ resign }
0-1

[Event "Tourn. n8911"]
[Site "www.chess-mail.com"]
[Date "2016.09.01"]
[Round "1"]
[White "Madz123456"]
[Black "Vasylpuzanov"]
[WhiteElo "1940"]
[BlackElo "2080"]
[Result "0-1"]
[Round "1"]
1.e4 c5
2.Ng1f3 d6
3.d4 cxd4
4.c3 dxc3
5.Nb1xc3 Ng8f6
6.e5 dxe5
7.Qd1xd8 Kxd8
8.Nf3xe5 Bc8e6
 { time }
0-1

[Event "Tourn. n8830"]
[Site "www.chess-mail.com"]
[Date "2016.09.01"]
[Round "1"]
[White "Ditto"]
[Black "Bigrezi"]
[WhiteElo "1760"]
[BlackElo "1780"]
[Result "0-1"]
[Round "1"]
1.d4 Ng8f6
2.Ng1f3 d5
3.Bc1f4 Bc8g4
4.Nf3e5 Bg4f5
5.e3 h6
6.Bf1b5 c6
7.Bb5e2 e6
8.O-O Bf8e7
9.Nb1c3 O-O
10.Be2h5 Nf6xh5
11.Qd1xh5 Bf5xc2
12.Qh5g4 f5
13.Qg4g3 g5
14.Ne5g6 Rf8f7
15.Ng6xe7 Qd8xe7
16.Bf4e5 Rf7h7
17.Be5d6 Qe7f7
18.Bd6e5 Nb8d7
19.Be5d6 Nd7f6
20.Rf1e1 Rh7g7
21.Bd6e5 Kh7
22.b3 Rg7g6
23.Qg3f3 Ra8g8
24.Nc3a4 Bc2e4
25.Qf3d1 f4
26.exf4 gxf4
27.g3 fxg3
28.fxg3 Nf6g4
29.Be5f4 h5
30.Re1f1 Rg6f6
31.Na4c5 b6
32.Nc5a4 h4
33.Na4c3 hxg3
34.hxg3 Qf7h5
{ resign }
0-1

[Event "Tourn. n8904"]
[Site "www.chess-mail.com"]
[Date "2016.09.01"]
[Round "1"]
[White "Ffdd65"]
[Black "Francesco"]
[WhiteElo "2230"]
[BlackElo "2000"]
[Result "1-0"]
[Round "1"]
1.e4 c6
2.d4 d5
3.e5 Bc8f5
4.Bf1d3 Bf5xd3
5.Qd1xd3 e6
6.Ng1f3 Nb8d7
7.O-O c5
8.c3 cxd4
9.cxd4 Ng8e7
10.Nf3h4 Ne7c6
11.g3 Bf8e7
12.Nh4g2 O-O
13.a3 Ra8c8
14.Nb1c3 a6
15.Bc1d2 b5
16.b4 Nd7b6
17.Ng2f4 Nb6c4
18.Bd2c1 Be7g5
19.Nf4e2 Bg5xc1
20.Rf1xc1 Qd8g5
21.Nc3d1 g6
22.Rc1c2 h5
23.h4 Qg5h6
24.Nd1e3 g5
25.Ne3xc4 bxc4
26.Qd3e3 f6
27.exf6 Qh6xf6
28.hxg5 Qf6f5
29.Ra1c1 Rc8c7
30.f4 Qf5g4
31.Kg2 Rc7f7
32.Rc1f1 h4
33.Qe3f3 Qg4xf3
34.Kxf3 hxg3
35.Kxg3 Rf7h7
36.Rc2c1 Kg7
37.Rf1h1 Rf8h8
38.Rh1xh7 Rh8xh7
39.Rc1f1 Kg6
40.Rf1f3 Kf5
41.Rf3e3 Rh7h1
42.Kf3 Rh1d1
43.Ne2g3 Kg6
44.Re3xe6 { resign }
1-0

[Event "Tourn. n8729"]
[Site "www.chess-mail.com"]
[Date "2016.09.01"]
[Round "1"]
[White "Bronstein70"]
[Black "Janerol"]
[WhiteElo "1939"]
[BlackElo "999"]
[Result "1-0"]
[Round "1"]
1.e4 e5
2.f4 exf4
3.Bf1c4 Ng8f6
4.d3 Nb8c6
5.Bc1xf4 Nc6d4
6.Ng1e2 Nd4xe2
7.Qd1xe2 Qd8e7
8.Nb1c3 d6
9.O-O Bc8g4
10.Qe2d2 c5
11.Ra1e1 Qe7d7
12.Bc4b5 Qd7xb5
13.Nc3xb5 Ra8c8
14.Nb5xd6 Bf8xd6
15.Bf4xd6 Rc8d8
16.e5 Nf6d5
17.Qd2g5 h5
18.Qg5xg7 Kd7
19.Rf1xf7 Kc6
20.c4 Rd8g8
21.Rf7c7 Nd5xc7
22.Qg7xc7 
1-0

[Event "Match"]
[Site "www.echecsemail.com"]
[Date "2016.09.01"]
[Round "1"]
[White "Sonny1000"]
[Black "Billyg"]
[WhiteElo "1440"]
[BlackElo "1570"]
[Result "0-1"]
[Round "1"]
1.Ng1f3 d6
2.Nb1c3 e5
3.e4 Bc8g4
4.Bf1c4 a6
5.b4 Nb8c6
6.a3 Qd8f6
7.h3 Bg4h5
8.Nc3d5 Qf6d8
9.d3 Nc6d4
10.Nf3xd4 Bh5xd1
11.Kxd1 exd4
12.Bc1f4 g5
13.f3 gxf4
14.Nd5xf4 b5
15.Bc4d5 Ra8c8
16.Bd5b7 Rc8b8
17.g3 Rb8xb7
18.h4 Ng8f6
19.Rh1e1 Bf8e7
20.a4 O-O
21.a5 d5
22.e5 Nf6e8
23.e6 f5
24.Ra1b1 Be7d6
25.Re1e2 Qd8e7
26.Nf4xd5 Qe7g7
27.Re2g2 Bd6xg3
28.Rg2e2 Bg3xh4
29.Rb1b2 Ne8d6
30.f4 c6
31.Nd5b6 Bh4d8
32.Re2e1 Qg7g4
33.Kc1 Qg4xf4
34.Kb1 Bd8h4
35.Nb6d7 Rf8d8
36.Re1g1 Kh8
37.Ka2 Qf4e3
38.Rg1h1 Qe3xe6
39.Ka1 Rb7xd7
40.Rh1xh4 Qe6e1
{ resign }
0-1

[Event "Match"]
[Site "www.echecsemail.com"]
[Date "2016.09.01"]
[Round "1"]
[White "Calponas"]
[Black "Karpov35"]
[WhiteElo "2030"]
[BlackElo "1809"]
[Result "1/2-1/2"]
[Round "1"]
1.f4 e5
2.fxe5 d6
3.exd6 Bf8xd6
4.Ng1f3 g5
5.d4 g4
6.Nf3e5 Bd6xe5
7.dxe5 Qd8xd1
8.Kxd1 Nb8c6
9.Bc1f4 Bc8e6
10.Nb1d2 Ng8e7
11.e4 Ne7g6
12.g3 Nc6xe5
13.Bf1e2 O-O-O
14.Ke1 h5
15.Ra1d1 h4
16.Kf2 Ng6xf4
17.gxf4 Ne5c6
18.Nd2b3 f5
19.e5 Rd8xd1
20.Rh1xd1 Rh8d8
21.Rd1xd8 Nc6xd8
22.c4 b6
23.Nb3d4 c5
24.Nd4b5 a6
25.Nb5d6 Kc7
26.Be2f1 Nd8f7
27.Nd6xf7 Be6xf7
28.h3 g3
29.Kg2 Kc6
30.b3 b5
31.Bf1d3 Bf7e6
32.Kf3 bxc4
33.Bd3xc4 Be6xc4
34.bxc4 Kb6
35.Ke2 Kc6
{ draw }
1/2-1/2

[Event "Match"]
[Site "www.echecsemail.com"]
[Date "2016.09.01"]
[Round "1"]
[White "Glenno"]
[Black "Drawlward"]
[WhiteElo "2410"]
[BlackElo "2009"]
[Result "1/2-1/2"]
[Round "1"]
1.e4 c5
2.Ng1f3 d6
3.d4 cxd4
4.Nf3xd4 Ng8f6
5.Nb1c3 a6
6.Bc1g5 e6
7.f4 Qd8b6
8.Qd1d2 Qb6xb2
9.Ra1b1 Qb2a3
10.e5 dxe5
11.fxe5 h6
12.Bg5h4 g5
13.exf6 gxh4
14.Bf1e2 Qa3a5
15.O-O Nb8d7
16.Kh1 Qa5g5
17.Rf1f4 e5
18.Nc3d5 exd4
19.Qd2xd4 Kd8
20.Nd5e7 Qg5e5
21.Qd4d2 Bf8xe7
22.fxe7 Qe5xe7
23.Be2g4 f5
24.Rf4xf5 Rh8e8
25.Rf5d5 b6
26.h3 Kc7
27.Bg4xd7 Bc8xd7
28.Qd2f4 Kc8
29.Qf4c4 Kb7
30.Qc4d4 Bd7b5
31.a4 Ra8d8
32.axb5 a5
33.c4 Rd8xd5
34.Qd4xd5 Kb8
35.Qd5d2 Qe7e4
36.Rb1c1 Qe4e3
37.Qd2d6 Kb7
38.Rc1d1 Re8e7
{ draw }
1/2-1/2

[Event "Match"]
[Site "www.echecsemail.com"]
[Date "2016.09.01"]
[Round "1"]
[White "Calponas"]
[Black "Pinehill"]
[WhiteElo "2040"]
[BlackElo "2060"]
[Result "0-1"]
[Round "1"]
1.d4 Ng8f6
2.c4 e5
3.dxe5 Nf6g4
4.Ng1f3 Nb8c6
5.Bc1f4 Bf8b4
6.Nb1c3 f6
7.exf6 Ng4xf6
8.a3 Bb4xc3
9.bxc3 d6
10.c5 Nf6e4
11.cxd6 Ne4xd6
12.e3 O-O
13.Bf1d3 Bc8g4
14.O-O h6
15.h3 Bg4xf3
16.Qd1xf3 Nc6e5
17.Qf3d5 Ne5f7
18.Rf1d1 Kh8
19.Qd5h5 Qd8f6
20.Ra1b1 g5
21.Bf4g3 Ra8e8
22.Rb1b4 Qf6xc3
23.Qh5g6 Qc3g7
24.Qg6h5 Nf7e5
25.Bd3b1 a5
26.Rb4d4 Nd6f5
27.Bg3xe5 Re8xe5
28.Rd4d7 Re5e7
29.Rd7d8 Nf5d6
30.Rd8xf8 Qg7xf8
31.h4 gxh4
32.Rd1d4 Qf8f6
33.Rd4xh4 Nd6f7
34.Bb1g6 Re7e5
35.Rh4f4 Qf6xf4
36.exf4 Re5xh5
37.Bg6xh5 Kg7
38.Kf1 b5
39.Bh5d1 b4
40.axb4 axb4
41.Bd1b3 c5
42.Ke2 Nf7d6
43.Kd3 Kf6
44.g4 Kg6
45.f3 Nd6f5
46.gxf5 Kxf5
47.Ke3 h5
48.Bb3d5 h4
49.Kf2 Kxf4
50.Kg2 Ke5
51.Bd5a2 Kd4
52.Kh3 Kc3
53.Kxh4 c4
54.Ba2xc4 Kxc4
55.f4 b3
56.f5 b2
{ resign }
0-1

[Event "Match"]
[Site "www.echecsemail.com"]
[Date "2016.09.01"]
[Round "1"]
[White "Libiesse"]
[Black "Coraza8091"]
[WhiteElo "1950"]
[BlackElo "1650"]
[Result "0-1"]
[Round "1"]
1.d4 g6
2.Ng1f3 Bf8g7
3.c4 Ng8f6
4.Nb1c3 c6
5.Qd1b3 O-O
6.e4 d6
7.Bc1g5 Qd8a5
8.Bf1d3 Bc8g4
9.Bd3e2 b6
10.O-O Bg4xf3
11.Be2xf3 Qa5xg5
{ resign }
0-1

[Event "Match"]
[Site "www.echecsemail.com"]
[Date "2016.09.01"]
[Round "1"]
[White "Karlgrocer"]
[Black "Liencam2"]
[WhiteElo "2100"]
[BlackElo "2320"]
[Result "0-1"]
[Round "1"]
1.Ng1f3 c5
2.e3 g6
3.Bf1e2 Bf8g7
4.O-O Ng8f6
5.c3 O-O
6.b3 d5
7.d4 Nf6d7
8.Bc1b2 Nb8c6
9.Nb1d2 Qd8b6
10.dxc5 Qb6xc5
11.Nf3d4 e5
12.Nd4xc6 bxc6
13.c4 Bc8b7
14.a4 Qc5b6
15.Ra1b1 a5
16.Qd1c2 d4
17.exd4 exd4
18.Nd2f3 c5
19.Nf3e1 Ra8e8
20.Be2f3 Nd7e5
21.Bf3xb7 Qb6xb7
22.Ne1d3 Ne5d7
23.Bb2a3 Qb7b6
24.Rf1e1 Qb6d6
25.Qc2d2 Qd6c7
26.Re1xe8 Rf8xe8
27.g3 Bg7f8
28.Qd2g5 Re8e2
29.Nd3f4 Re2a2
30.Ba3c1 Nd7e5
31.Kg2 Qc7c6
32.Nf4d5 Ne5d3
33.Bc1d2 h6
34.Qg5f6 Qc6xf6
35.Nd5xf6 Kg7
36.Nf6e8 Kh8
37.Rb1d1 Nd3b2
38.Rd1f1 Nb2xc4
39.Bd2c1 Nc4e3
40.Kg1 Ne3xf1
{ resign }
0-1

[Event "1/128 Finale"]
[Site "www.chess-mail.com"]
[Date "2016.09.01"]
[Round "1"]
[White "Fkarpov"]
[Black "Yvis92"]
[WhiteElo "2080"]
[BlackElo "1799"]
[Result "0-1"]
[Round "1"]
1.e4 e5
2.Ng1f3 Nb8c6
3.Bf1b5 Ng8f6
4.O-O Nf6xe4
5.Bb5xc6 dxc6
6.Qd1e2 Ne4f6
7.Qe2xe5 Bc8e6
8.Nf3g5 Qd8d5
9.Qe5xc7 Qd5xg5
10.Qc7xb7 Ra8d8
11.Qb7xc6 Be6d7
12.Rf1e1 Bf8e7
13.Qc6a6 Nf6g4
14.h3 Ng4e5
15.Kh1 Bd7c6
16.f3 O-O
17.Qa6f1 Qg5g3
18.Re1e3 Rf8e8
19.f4 Ne5f3
20.Re3xf3 Bc6xf3
21.d4 Be7c5
22.Bc1e3 Re8xe3
23.Nb1d2 Qg3xh3
24.Kg1 Bf3xg2
{ resign }
0-1

[Event "Tourn. n8902"]
[Site "www.chess-mail.com"]
[Date "2016.09.02"]
[Round "1"]
[White "Julian"]
[Black "Francesco"]
[WhiteElo "2070"]
[BlackElo "2000"]
[Result "1-0"]
[Round "1"]
1.e4 c6
2.d4 d5
3.Nb1c3 dxe4
4.Nc3xe4 Bc8f5
5.Bf1d3 e6
6.Ng1f3 Bf8e7
7.O-O Ng8f6
8.Ne4xf6 Be7xf6
9.Bd3xf5 exf5
10.Rf1e1 Bf6e7
11.Bc1f4 O-O
12.Qd1d3 g6
13.Bf4h6 Rf8e8
14.Qd3c3 Be7f6
15.Re1xe8 Qd8xe8
16.Ra1e1 Qe8d8
17.Qc3e3 Nb8d7
18.Nf3e5 Nd7xe5
19.dxe5 Bf6g7
20.Bh6xg7 Kxg7
21.h3 Qd8a5
22.e6 fxe6
23.Qe3xe6 Ra8d8
24.Qe6e7 Kh6
25.Qe7h4 Kg7
26.Re1e7 Kf8
27.Qh4f6 { resign }
1-0

[Event "Tourn. n8856"]
[Site "www.chess-mail.com"]
[Date "2016.09.02"]
[Round "1"]
[White "Oroden"]
[Black "Liencam2"]
[WhiteElo "2269"]
[BlackElo "2320"]
[Result "0-1"]
[Round "1"]
1.e4 c5
2.Ng1f3 e6
3.d4 cxd4
4.Nf3xd4 a6
5.Bf1d3 Ng8f6
6.O-O d6
7.c4 Bf8e7
8.Nb1c3 O-O
9.Bc1e3 Bc8d7
10.Ra1c1 Nb8c6
11.Nd4b3 Nc6e5
12.Bd3e2 b5
13.c5 Bd7c6
14.cxd6 Qd8xd6
15.Qd1xd6 Be7xd6
16.Rf1d1 Bd6b4
17.f3 Ra8c8
18.Nb3c5 a5
19.Nc3xb5 Ne5g6
 { time }
0-1

[Event "Tourn. n8835"]
[Site "www.chess-mail.com"]
[Date "2016.09.02"]
[Round "1"]
[White "Rons"]
[Black "Romaamor69"]
[WhiteElo "2570"]
[BlackElo "2370"]
[Result "1-0"]
[Round "1"]
1.e4 e6
2.d4 d5
3.Nb1c3 Ng8f6
4.Bc1g5 Bf8b4
5.e5 h6
6.Bg5d2 Bb4xc3
7.bxc3 Nf6e4
8.Qd1g4 Kf8
9.Bf1d3 Ne4xd2
10.Kxd2 Qd8g5
11.Qg4xg5 hxg5
12.Ra1f1 c5
13.f4 gxf4
14.Rf1xf4 Ke7
15.Rf4g4 c4
16.Bd3e2 Rh8h7
17.Ng1h3 Nb8d7
18.Nh3f4 b5
19.h4 a5
20.h5 b4
21.Rh1f1 Bc8a6
22.Rg4g3 Ba6b5
23.Rf1b1 Bb5c6
24.cxb4 axb4
25.Rb1xb4 Ra8xa2
26.Rb4b1 f6
27.Rg3g6 Bc6a4
28.Be2d1 Ba4c6
29.Bd1f3 Bc6a4
30.exf6 gxf6
31.Rb1c1 Nd7f8
32.Rg6g3 Ra2a3
33.Rc1b1 Nf8d7
34.Rg3g8 Ra3a2
35.Bf3d1 Ba4c6
36.Rg8c8 Ra2a6
37.Bd1f3 Rh7h6
38.Rb1e1 e5
39.Nf4g6 Kd6
40.Ng6h4 Rh6h7
41.Nh4f5 Ke6
42.Bf3g4 { resign }
1-0

[Event "Tourn. n8924"]
[Site "www.chess-mail.com"]
[Date "2016.09.02"]
[Round "1"]
[White "Nulladies"]
[Black "Cal"]
[WhiteElo "1750"]
[BlackElo "1740"]
[Result "1-0"]
[Round "1"]
1.d4 d5
2.Bc1f4 Ng8f6
3.Ng1f3 h6
4.h3 Nb8c6
5.e3 a6
6.Nb1d2 e6
7.c3 Bf8d6
8.Nf3e5 O-O
9.Bf1d3 Bd6xe5
10.dxe5 Nf6d7
11.Qd1g4 Nc6e7
12.Bf4xh6 g6
13.Bh6xf8 Qd8xf8
14.h4 Qf8h6
15.h5 Nd7f8
16.O-O-O g5
17.f4 Kh8
18.fxg5 Qh6g7
19.Nd2f3 c5
20.Rh1f1 Ne7f5
21.Bd3xf5 exf5
22.Qg4g3 Nf8h7
23.Rd1xd5 Bc8e6
24.Rd5xc5 Be6xa2
25.Qg3f4 Ra8d8
26.Rf1d1 Rd8xd1
27.Kxd1 Ba2b1
28.Rc5c8 Nh7f8
29.Nf3h4 Kg8
30.Nh4xf5 Bb1xf5
31.Qf4xf5 Kh8
32.h6 Qg7g8
33.g6 fxg6
34.Qf5f6 Kh7
35.Rc8xf8 Qg8b3
36.Kc1 a5
37.Qf6h8 
1-0

[Event "Tourn. n8896"]
[Site "www.chess-mail.com"]
[Date "2016.09.02"]
[Round "1"]
[White "Awfen"]
[Black "Wegaman"]
[WhiteElo "1970"]
[BlackElo "1860"]
[Result "1-0"]
[Round "1"]
1.e4 e6
2.Ng1f3 Ng8f6
3.e5 Nf6d5
4.c4 Nd5e7
5.d4 Ne7g6
6.Bf1d3 Bf8e7
7.O-O O-O
8.Nb1c3 d6
9.Nc3e4 d5
10.cxd5 exd5
11.Ne4g5 Nb8c6
12.Bd3xg6 fxg6
13.e6 Rf8xf3
14.Ng5xf3 Bc8xe6
15.Qd1b3 b6
16.Rf1e1 Be6f7
17.Bc1d2 Be7f6
18.Qb3c3 Nc6a5
19.b3 Ra8c8
20.Qc3c1 Na5b7
21.Bd2g5 Bf6xg5
22.Nf3xg5 Nb7d6
23.Ng5xf7 Nd6xf7
24.Qc1c6 Nf7d6
25.Qc6xd5 Kh8
26.Re1e2 a5
27.Ra1e1 h6
28.Re2e6 Kh7
29.Qd5f3 Nd6f5
30.Qf3g4 Qd8xd4
31.Qg4xg6 { resign }
1-0

[Event "Tourn. n8941"]
[Site "www.chess-mail.com"]
[Date "2016.09.02"]
[Round "1"]
[White "4m6az"]
[Black "Xkafi"]
[WhiteElo "1809"]
[BlackElo "1880"]
[Result "1-0"]
[Round "1"]
1.c4 e5
2.e3 Bf8b4
3.a3 Bb4f8
4.Nb1c3 a6
5.d4 exd4
6.Qd1xd4 Nb8c6
7.Qd4e4 Ng8e7
8.Bf1d3 d6
9.Ng1e2 Bc8f5
10.Qe4f3 Bf5xd3
11.Ne2f4 Bd3xc4
12.Bc1d2 Nc6e5
13.Qf3d1 g5
14.Nf4h5 Ne5d3
15.Kf1 Nd3xb2
16.Kg1 Nb2xd1
17.Nh5f6 
1-0

[Event "Tourn. n8867"]
[Site "www.chess-mail.com"]
[Date "2016.09.02"]
[Round "1"]
[White "Conde7"]
[Black "Nimzo"]
[WhiteElo "2830"]
[BlackElo "2830"]
[Result "1/2-1/2"]
[Round "1"]
1.e4 e6
2.d4 d5
3.Nb1d2 c5
4.exd5 exd5
5.Ng1f3 Ng8f6
6.Bf1b5 Bc8d7
7.Bb5xd7 Nb8xd7
8.O-O Bf8e7
9.dxc5 Nd7xc5
10.Nd2b3 Nc5e4
11.c3 O-O
12.Bc1e3 Rf8e8
13.Rf1e1 Be7d6
14.Nf3d4 Bd6c7
15.g3 Qd8c8
16.Nd4c2 Re8e5
17.Nb3d4 Re5h5
18.Qd1f3 Qc8d7
19.Qf3g2 Nf6g4
20.h3 Ng4xe3
21.Nc2xe3 Ra8e8
22.Ra1d1 Bc7b6
23.g4 Rh5e5
24.Nd4f3 Re5e6
25.Rd1xd5 Qd7a4
26.Nf3d4 Bb6xd4
27.Rd5xd4 Qa4xa2
28.Ne3f1 Ne4c5
29.Re1xe6 Nc5xe6
{ draw }
1/2-1/2

[Event "Match"]
[Site "www.echecsemail.com"]
[Date "2016.09.02"]
[Round "1"]
[White "Llord"]
[Black "Darknight"]
[WhiteElo "1940"]
[BlackElo "1690"]
[Result "0-1"]
[Round "1"]
1.e4 e5
2.Ng1f3 d6
3.Bf1c4 h6
4.d4 exd4
5.Qd1xd4 Qd8d7
6.O-O Nb8c6
7.Qd4d1 a6
8.a4 Qd7e7
9.Nb1c3 Bc8e6
10.Bc4xe6 fxe6
11.b3 Qe7f6
12.Nc3e2 Qf6xa1
13.Qd1d3 O-O-O
14.Bc1g5 Qa1b2
15.Bg5xd8 Nc6xd8
16.Nf3d2 Qb2f6
17.b4 b6
18.Qd3xa6 Kd7
19.a5 bxa5
20.bxa5 e5
21.Qa6b5 Nd8c6
22.a6 Ng8e7
23.Qb5b7 Ne7c8
24.Ne2c3 Bf8e7
25.Nc3b5 Be7d8
26.a7 Nc8xa7
27.Nb5xa7 Nc6xa7
28.Qb7xa7 Qf6f4
29.g3 Qf4xd2
30.Qa7a4 Ke7
31.c4 Qd2d4
32.Qa4c6 g5
33.Kg2 h5
34.f3 Qd4e3
35.Rf1f2 h4
36.gxh4 Rh8xh4
37.Qc6d5 Rh4h8
38.h3 Qe3f4
39.c5 Qf4h4
40.cxd6 cxd6
41.Qd5b7 Kf6
42.Kf1 Qh4xh3
43.Ke2 Qh3e6
44.Ke3 Rh8h1
45.Rf2d2 Bd8e7
46.Qb7b2 Qe6c4
47.Rd2e2 Qc4c5
48.Kd2 Be7d8
{ resign }
0-1

[Event "Match"]
[Site "www.echecsemail.com"]
[Date "2016.09.02"]
[Round "1"]
[White "Sundar"]
[Black "Add"]
[WhiteElo "2070"]
[BlackElo "2070"]
[Result "1/2-1/2"]
[Round "1"]
1.d4 d5
2.c4 dxc4
3.e3 c6
4.Ng1f3 e6
5.Bf1xc4 Ng8f6
6.Nb1d2 Nb8d7
7.a3 Bf8d6
8.e4 Bd6c7
9.O-O O-O
10.b4 b5
11.Bc4d3 Bc8b7
12.Bc1b2 h6
13.Qd1e2 a6
14.Nd2b3 Nf6h5
15.g3 Nh5f6
16.Nb3a5 Bc7xa5
17.bxa5 c5
18.Ra1c1 c4
19.Bd3b1 Qd8xa5
20.e5 Nf6d5
21.Qe2c2 f5
22.exf6 Nd7xf6
23.Qc2e2 c3
24.Qe2xe6 Kh8
25.Nf3h4 Rf8e8
26.Nh4g6 Kh7
27.Ng6f8 Kh8
28.Nf8g6 Kh7
29.Ng6e7 Kh8
30.Ne7g6 Kh7
31.Ng6f8 Kh8

1/2-1/2